České řeky - náhlá smrt - Statistics

General Stats
  • This quiz has been taken 100 times
  • The average score is 10 of 19
Answers on the Grid
Answers color-coded by a green-red scale on the quiz's grid according to % correct below.
Bílina
Cidlina
Bobrůvka
Stropnice
Nežárka
Litavka
Skalice
Klabava
Blšanka
Chomutovka
Mrlina
Smutná
Volyňka
Dřevnice
Střela
Svitava
Úslava
Malše
Odra
Orava
Nitra
Brda
Dunaj
Myjava
Sála
Rába
Lena
Volha
Zelenka
Pstruhová
Šumná
Horečná
Tatranka
Kaprovka
Zlatava
Galovka
 
Answer Stats
Answer % Correct
Odra
86%
Svitava
86%
Úslava
71%
Bílina
67%
Malše
67%
Nežárka
67%
Cidlina
64%
Střela
62%
Chomutovka
52%
Volyňka
50%
Dřevnice
45%
Litavka
40%
Skalice
38%
Bobrůvka
33%
Klabava
31%
Stropnice
29%
Blšanka
24%
Mrlina
24%
Smutná
24%
No matching quizzes found
Score Distribution
Percent of People with Each Score
Percentile by Number Answered
Your Score History
You have not taken this quiz